000 00424nam a2200181Ia 4500
001 538
005 20260306140525.0
008 260306t2005||||xx |||||||||||||| ||spa||
041 _aESP
082 _a126.8
_bO74 T.2
100 _aOrtega y Gasset, José
_eAUT
245 0 _aObras completas texto impreso
260 _c2005
300 _a964 páginas :
_ccm.
650 _aGEN
654 _aCHU
942 _cLIB
_dJUS
_fJUS
_2ddc
_n
999 _c538
_d538